[Event "13th EICC"]
[Site "Plovdiv BUL"]
[Date "2012.03.31"]
[Round "11.120"]
[White "Ledger, Andrew J"]
[Black "Dragomirescu, Robin-Alexandru"]
[Result "0-1"]
[WhiteTitle "IM"]
[BlackTitle "IM"]
[WhiteElo "2424"]
[BlackElo "2358"]
[WhiteFideId "400610"]
[BlackFideId "1213849"]
[EventDate "2012.03.20"]
[EventType "swiss"]

1. d4 Nf6 2. c4 g6 3. g3 c5 4. Nf3 Bg7 5. Nc3 cxd4 6. Nxd4 O-O 7. Bg2 Qc7 8. b3
d5 9. Bxd5 Bh3 10. Ndb5 Qc8 11. e3 Rd8 12. Bd2 Nc6 13. Qe2 Nb4 14. Rc1 e6 15.
Na4 Nxa2 16. Rc2 exd5 17. Rxa2 dxc4 18. Qxc4 Qf5 19. Nac3 Rac8 20. Qe2 Ne4 0-1

[Event "13th EICC"]
[Site "Plovdiv BUL"]
[Date "2012.03.31"]
[Round "11.121"]
[White "Baltag, Iulian"]
[Black "Aharon, Ofir"]
[Result "1-0"]
[WhiteTitle "IM"]
[BlackTitle "FM"]
[WhiteElo "2420"]
[BlackElo "2288"]
[WhiteFideId "13901419"]
[BlackFideId "2800683"]
[EventDate "2012.03.20"]
[EventType "swiss"]

1. Nf3 c5 2. c4 Nc6 3. Nc3 g6 4. g3 Bg7 5. Bg2 e6 6. O-O Nge7 7. d3 d5 8. cxd5
exd5 9. Bg5 h6 10. Bf4 O-O 11. Qc1 Kh7 12. e4 Nb4 13. Ne1 Be6 14. Nb5 Na6 15.
Nc2 Qd7 16. a4 d4 17. Nca3 b6 18. Qd1 Rac8 19. b3 Nb4 20. Nc4 Nec6 21. Qb1 Rfd8
22. Rc1 f6 23. Bd2 Ne5 24. Nxe5 fxe5 25. Na3 Nc6 26. Nc4 g5 27. f4 gxf4 28. gxf4
exf4 29. Bxf4 Bxc4 30. bxc4 Qg4 31. Rf1 Be5 32. Bxe5 Nxe5 33. Rf5 Rg8 34. Qf1
Rce8 35. Ra2 Rg7 36. Kh1 Ree7 37. Bh3 Qg6 38. Rg2 Qd6 39. Rf6 Qd8 40. Rf8 Qd6
41. Bf5+ Ng6 42. Bxg6+ Rxg6 43. Rf7+ Kh8 44. Rxg6 Rxf7 45. Qxf7 1-0

[Event "13th EICC"]
[Site "Plovdiv BUL"]
[Date "2012.03.31"]
[Round "11.122"]
[White "Popov, Ivan RUS"]
[Black "Nakar, Eylon"]
[Result "1-0"]
[WhiteTitle "GM"]
[BlackTitle "FM"]
[WhiteElo "2605"]
[BlackElo "2344"]
[WhiteFideId "4170350"]
[BlackFideId "2811111"]
[EventDate "2012.03.20"]
[EventType "swiss"]

1. d4 Nf6 2. Nf3 g6 3. Bf4 Bg7 4. e3 O-O 5. Be2 d6 6. h3 Nc6 7. O-O Nd7 8. Bh2
e5 9. c3 b6 10. Qa4 Bb7 11. Ba6 Qc8 12. Bxb7 Qxb7 13. Rd1 Rae8 14. Qc4 Na5 15.
Qb5 c6 16. Qa4 d5 17. Na3 c5 18. b4 cxb4 19. cxb4 Qc6 20. Qb5 a6 21. Qxa6 Nc4
22. Nxc4 dxc4 23. Rac1 c3 24. d5 Qc7 25. Qb5 Rc8 26. Rc2 Qb7 27. Ng5 Rfd8 28.
Ne4 Nf6 29. Nxc3 Ne4 30. Rdc1 Nxc3 31. Rxc3 Rxc3 32. Rxc3 Rxd5 33. Qe8+ Bf8 34.
Bxe5 f6 35. Bxf6 Qf7 36. Qxf7+ Kxf7 37. Bd4 Bxb4 38. Rc7+ 1-0

[Event "13th EICC"]
[Site "Plovdiv BUL"]
[Date "2012.03.31"]
[Round "11.123"]
[White "Agaragimov, Djakhangir"]
[Black "Brkic, Ante"]
[Result "1/2-1/2"]
[WhiteTitle "FM"]
[BlackTitle "GM"]
[WhiteElo "2342"]
[BlackElo "2587"]
[WhiteFideId "13401718"]
[BlackFideId "14506688"]
[EventDate "2012.03.20"]
[EventType "swiss"]

1. d4 d5 2. Nf3 Nf6 3. c4 e6 4. g3 dxc4 5. Bg2 Bb4+ 6. Bd2 a5 7. O-O O-O 8. Qc2
Bxd2 9. Nbxd2 b5 10. a4 c6 11. e4 Na6 12. e5 Nb4 13. Qb1 Nfd5 14. Ne4 h6 15. Rd1
Qe7 16. Bf1 Bd7 17. Qc1 f5 18. exf6 Nxf6 19. Nc5 Ng4 20. Bh3 Rxf3 21. Bxg4 Nd3
22. Nxd3 Rxd3 23. Rxd3 cxd3 24. Qe3 Qb4 25. Bxe6+ Bxe6 26. Qxe6+ Kh8 27. Qxc6
Rb8 28. Qc3 Qxc3 29. bxc3 bxa4 30. Kf1 Re8 31. d5 d2 32. d6 Rd8 33. Ke2 Rxd6 34.
Kd1 Rd3 35. Rxa4 Rxc3 36. Rxa5 Rf3 37. Rd5 Rxf2 38. Rxd2 Rf6 39. Ke2 Kh7 40. Ke3
Kg6 1/2-1/2

[Event "13th EICC"]
[Site "Plovdiv BUL"]
[Date "2012.03.31"]
[Round "11.124"]
[White "Alonso Rosell, Alvar"]
[Black "Givon, Asaf"]
[Result "1-0"]
[WhiteTitle "IM"]
[BlackTitle "FM"]
[WhiteElo "2513"]
[BlackElo "2340"]
[WhiteFideId "2270544"]
[BlackFideId "2801841"]
[EventDate "2012.03.20"]
[EventType "swiss"]

1. c4 Nf6 2. Nf3 g6 3. Nc3 d5 4. Qa4+ Bd7 5. Qb3 dxc4 6. Qxc4 Nc6 7. d4 Bg7 8.
g3 O-O 9. Bg2 Be6 10. Qd3 Nd5 11. O-O Ndb4 12. Qb5 Nc2 13. d5 N2d4 14. Nxd4 Nxd4
15. Qxb7 Bg4 16. Qa6 Rb8 17. h3 Bf5 18. e4 Bd7 19. Rb1 Rb6 20. Qc4 Qc8 21. Be3
c5 22. Kh2 Rb4 23. Qd3 h5 24. f4 e5 25. Rf2 h4 26. g4 Qb8 27. g5 exf4 28. Bxf4
Be5 29. Qd2 Re8 30. Kh1 Bxf4 31. Qxf4 Qe5 32. a3 Rb3 33. Qxf7+ Kh8 1-0

[Event "13th EICC"]
[Site "Plovdiv BUL"]
[Date "2012.03.31"]
[Round "11.127"]
[White "Bulmaga, Irina"]
[Black "Bukal, Vladimir Jr."]
[Result "1-0"]
[WhiteTitle "WIM"]
[BlackTitle "IM"]
[WhiteElo "2307"]
[BlackElo "2441"]
[WhiteFideId "13903063"]
[BlackFideId "14502941"]
[EventDate "2012.03.20"]
[EventType "swiss"]

1. e4 e6 2. d4 d5 3. Nc3 Bb4 4. e5 c5 5. a3 Bxc3+ 6. bxc3 Ne7 7. Qg4 cxd4 8.
Qxg7 Rg8 9. Qxh7 Qc7 10. Ne2 Nbc6 11. f4 dxc3 12. h4 d4 13. h5 Bd7 14. Rb1 O-O-O
15. Qd3 Nf5 16. Rg1 f6 17. g4 Nh6 18. exf6 e5 19. g5 e4 20. Qc4 Rge8 21. gxh6
Be6 22. Bh3 Bxh3 23. Rg7 Rd7 24. f7 Red8 25. h7 d3 26. f8=Q Rxf8 27. Rg8 Rdd8
28. h8=Q dxc2 29. Rb5 Qe7 30. Qe5 Rd1+ 31. Kf2 Rf1+ 32. Kg3 Rf3+ 33. Kh2 Rf2+
34. Kxh3 1-0

[Event "13th EICC"]
[Site "Plovdiv BUL"]
[Date "2012.03.31"]
[Round "11.128"]
[White "Colovic, Aleksandar"]
[Black "Duzhakov, Ilya"]
[Result "1/2-1/2"]
[WhiteTitle "IM"]
[BlackTitle "FM"]
[WhiteElo "2436"]
[BlackElo "2316"]
[WhiteFideId "15000729"]
[BlackFideId "4192516"]
[EventDate "2012.03.20"]
[EventType "swiss"]

1. c4 e5 2. g3 Nc6 3. Bg2 g6 4. Nc3 Bg7 5. e4 d6 6. Nge2 Nge7 7. d3 O-O 8. O-O
Be6 9. Nd5 f5 10. Be3 Qd7 11. Qd2 Rf7 12. Rae1 Re8 13. f3 Nd4 14. Nxd4 exd4 15.
Bg5 Nc6 16. exf5 Bxf5 17. g4 Be6 18. h3 Rff8 19. f4 Kh8 20. Nxc7 Qxc7 21. f5
gxf5 22. gxf5 Bxf5 23. Rxe8 Rxe8 24. Rxf5 Ne5 25. b3 b5 26. cxb5 Qd7 27. Rf2
Qxb5 28. Be4 Rg8 29. Kh1 Qd7 30. Bf5 Qc6+ 31. Be4 Qd7 32. Qe2 d5 33. Bf5 Qe8 34.
Rf4 Rf8 35. Qf2 h6 36. Qh4 Qc6 37. Rf2 Nf7 38. Bd2 Ne5 39. Qh5 Nxd3 40. Rg2 Ne5
41. Bf4 Qa6 42. Bxe5 Bxe5 43. Bd3 Qf6 44. Rf2 Bf4 45. Qxd5 Re8 46. Rf1 Qd6 1/2-1/2

[Event "13th EICC"]
[Site "Plovdiv BUL"]
[Date "2012.03.31"]
[Round "11.129"]
[White "Videnova, Iva"]
[Black "Raznikov, Danny"]
[Result "0-1"]
[WhiteTitle "WGM"]
[BlackTitle "IM"]
[WhiteElo "2301"]
[BlackElo "2436"]
[WhiteFideId "2907763"]
[BlackFideId "2811154"]
[EventDate "2012.03.20"]
[EventType "swiss"]

1. e4 c5 2. Nf3 d6 3. d4 Nf6 4. Nc3 cxd4 5. Nxd4 a6 6. Be3 Nc6 7. Be2 e5 8. Nb3
Be7 9. O-O O-O 10. a4 Be6 11. Bf3 Nb4 12. a5 Rc8 13. Re1 h6 14. Re2 Qd7 15. Rd2
Rfe8 16. Bc5 Nxc2 17. Qxc2 Bxb3 18. Qxb3 Rxc5 19. Ra4 Rec8 20. h3 h5 21. Rb4
R8c7 22. Nd5 Nxd5 23. Rxd5 Rc1+ 24. Rd1 d5 25. Ra4 dxe4 26. Rxe4 Rxd1+ 27. Qxd1
Qxd1+ 28. Bxd1 Rc1 29. Re1 Rb1 30. Rf1 h4 31. b3 Bc5 32. Bc2 Rb2 33. Be4 Rxb3
34. Rb1 Rxb1+ 35. Bxb1 g6 36. Kf1 Kg7 37. Bd3 f5 38. f3 Bb4 39. Bc4 Bxa5 40. Bd5
b5 41. Bb7 b4 42. Bxa6 b3 43. Ke2 b2 44. Bd3 Kf6 45. Bb1 Kg5 46. Bc2 Kf4 47. Bb1
Bb6 48. Bc2 Bc5 49. Bb1 Kg3 50. Kf1 e4 51. fxe4 f4 52. e5 g5 53. Bf5 g4 54. e6
f3 55. gxf3 gxh3 56. e7 h2 57. e8=Q h1=Q+ 58. Ke2 Qxf3+ 0-1

[Event "13th EICC"]
[Site "Plovdiv BUL"]
[Date "2012.03.31"]
[Round "11.130"]
[White "Indjic, Aleksandar"]
[Black "Donchenko, Alexander"]
[Result "1/2-1/2"]
[BlackTitle "FM"]
[WhiteElo "2430"]
[BlackElo "2309"]
[WhiteFideId "911925"]
[BlackFideId "24603295"]
[EventDate "2012.03.20"]
[EventType "swiss"]

1. Nf3 c5 2. g3 Nc6 3. Bg2 g6 4. O-O Bg7 5. e4 d6 6. d3 Nf6 7. Nbd2 O-O 8. c3
Rb8 9. b3 b5 10. Bb2 Nd7 11. Qc2 b4 12. a3 a5 13. axb4 axb4 14. c4 Nb6 15. Bxg7
Kxg7 16. Qb2+ e5 17. Ne1 Ra8 18. Rxa8 Nxa8 19. Nc2 Nc7 20. f4 f6 21. Ne3 Be6 22.
Nf3 Qa8 23. Nd5 Bxd5 24. exd5 Nd4 25. Nxd4 exd4 26. f5 Qa3 27. Qc2 Re8 28. Be4
g5 29. Qd1 Qb2 30. h4 gxh4 31. Qg4+ Kf7 32. Qxh4 Rg8 33. Qf4 Ne8 34. Bf3 Rg5 35.
Re1 Ng7 36. Qxd6 Nxf5 37. Qc7+ Kg6 38. Be4 Qd2 39. Rf1 Qe3+ 40. Kh2 Qe2+ 41. Kg1
Qe3+ 1/2-1/2

[Event "13th EICC"]
[Site "Plovdiv BUL"]
[Date "2012.03.31"]
[Round "11.132"]
[White "Sanal, Vahap"]
[Black "Baratosi, Daniel"]
[Result "0-1"]
[WhiteTitle "CM"]
[BlackTitle "IM"]
[WhiteElo "2286"]
[BlackElo "2407"]
[WhiteFideId "6300545"]
[BlackFideId "1210351"]
[EventDate "2012.03.20"]
[EventType "swiss"]

1. e4 c5 2. Nf3 d6 3. d4 cxd4 4. Nxd4 Nf6 5. Nc3 g6 6. Be3 Bg7 7. f3 Nc6 8. Qd2
O-O 9. O-O-O d5 10. exd5 Nxd5 11. Nxc6 bxc6 12. Nxd5 cxd5 13. Qxd5 Qc7 14. Qc5
Qb8 15. Qa3 Be6 16. Ba6 Qe5 17. Bd4 Qg5+ 18. Qe3 Qxg2 19. Bxg7 Kxg7 20. h4 Bf5
21. Be2 Rac8 22. Rdg1 Rxc2+ 23. Kd1 Qf2 24. Qxf2 Rd8+ 25. Ke1 Rc1+ 26. Bd1
Rdxd1+ 27. Ke2 Rc2+ 28. Kxd1 Rxf2 29. Kc1 Rc2+ 30. Kb1 Rf2+ 31. Ka1 Rxf3 32. Rc1
Re3 33. Rhe1 Rxe1 34. Rxe1 h5 35. b4 g5 36. Kb2 gxh4 37. Kc3 h3 38. Kd4 Bd7 39.
Rh1 Kf6 40. Ke3 a6 41. Kf2 e5 42. Rd1 Ke7 43. Rd3 Bg4 44. a4 e4 45. Rc3 f5 46.
b5 axb5 47. axb5 f4 48. b6 e3+ 49. Kg1 Bf3 50. b7 e2 51. Kf2 h2 52. Rc7+ Kd6 53.
b8=Q e1=Q+ 54. Kxe1 h1=Q+ 55. Kd2 Qd1+ 56. Kc3 Qc1+ 57. Kd3 Qxc7 58. Qf8+ Kc6
59. Qa8+ Qb7 60. Qh8 Qb3+ 0-1

[Event "13th EICC"]
[Site "Plovdiv BUL"]
[Date "2012.03.31"]
[Round "11.133"]
[White "Chudinovskikh, Alexander M"]
[Black "Kreisl, Robert"]
[Result "1-0"]
[WhiteTitle "IM"]
[BlackTitle "IM"]
[WhiteElo "2278"]
[BlackElo "2400"]
[WhiteFideId "4106083"]
[BlackFideId "1613880"]
[EventDate "2012.03.20"]
[EventType "swiss"]

1. Nf3 d5 2. d4 Nf6 3. c4 c6 4. Nc3 dxc4 5. a4 Bf5 6. Nh4 e6 7. Nxf5 exf5 8. e3
Bb4 9. Bxc4 O-O 10. O-O Nbd7 11. Qc2 g6 12. b3 Rc8 13. Bb2 a6 14. Rad1 b5 15.
Be2 Qc7 16. h3 Rfd8 17. Bf3 Qd6 18. Qe2 Nb6 19. Rc1 Ba3 20. axb5 axb5 21. Ra1
Bxb2 22. Qxb2 Ra8 23. Rfc1 Qd7 24. Qc2 Rxa1 25. Rxa1 Rc8 26. Ne2 Nbd5 27. Qc5
Qe6 28. Nc3 Nd7 29. Bxd5 Nxc5 30. Bxe6 Nxe6 31. f4 Kf8 32. Kf2 Ke7 33. g4 b4 34.
Na4 Ra8 35. Rc1 Kd6 36. Rc4 Nc7 37. gxf5 gxf5 38. Rxb4 Nd5 39. Rb7 Re8 40. Nc5
Re7 41. Rxe7 Nxe7 42. Na4 1-0

[Event "13th EICC"]
[Site "Plovdiv BUL"]
[Date "2012.03.31"]
[Round "11.134"]
[White "Goumas, Georgios"]
[Black "Kjurkchiiski, Georgi"]
[Result "1-0"]
[WhiteElo "2398"]
[BlackElo "2266"]
[WhiteFideId "4208935"]
[BlackFideId "2901153"]
[EventDate "2012.03.20"]
[EventType "swiss"]

1. e4 c5 2. Nf3 g6 3. d4 Bg7 4. dxc5 Qa5+ 5. c3 Qxc5 6. Na3 Qc7 7. Nb5 Qd8 8.
Bg5 f6 9. Bf4 d6 10. Bc4 Nh6 11. Qd5 Rf8 12. O-O-O Nf7 13. Nbd4 a6 14. Ne6 Bxe6
15. Qxe6 Qd7 16. h4 Nd8 17. Qd5 Nbc6 18. h5 g5 19. h6 Bh8 20. Be3 Nf7 21. Kb1
O-O-O 22. Bb6 Rde8 23. Nd4 Nxd4 24. cxd4 Kb8 25. Rc1 e6 26. Qa5 Rc8 27. Qb4 f5
28. Qb3 d5 29. exd5 e5 30. Bc5 Rfd8 31. d6 Nxd6 32. Be6 Qc6 33. Bxd6+ Qxd6 34.
Rxc8+ Rxc8 35. Bxc8 1-0

[Event "13th EICC"]
[Site "Plovdiv BUL"]
[Date "2012.03.31"]
[Round "11.135"]
[White "Ben Artzi, Ido"]
[Black "Fedorovsky, Michael"]
[Result "1/2-1/2"]
[BlackTitle "IM"]
[WhiteElo "2271"]
[BlackElo "2395"]
[WhiteFideId "2810913"]
[BlackFideId "14105454"]
[EventDate "2012.03.20"]
[EventType "swiss"]

1. d4 f5 2. c4 Nf6 3. Nf3 d6 4. g3 g6 5. Bg2 Bg7 6. O-O O-O 7. b3 Qe8 8. Bb2 a5
9. Nc3 Na6 10. Re1 h6 11. a3 c6 12. Qc2 e5 13. dxe5 dxe5 14. e4 f4 15. Na4 Nd7
16. c5 Qe7 17. b4 Kh7 18. Qc3 axb4 19. axb4 Nc7 20. Nb6 Rxa1 21. Rxa1 Nxb6 22.
cxb6 Ne6 23. Rd1 Ng5 24. Nxg5+ Qxg5 25. b5 Qh5 26. Bf3 Qh3 27. Bg2 Qh5 28. Bf3
Qh3 29. bxc6 bxc6 30. Bg2 Qh5 31. Bf3 Qh3 32. Rd6 c5 33. Bg2 Qh5 34. Bf3 Qh3 35.
Bg2 Qh5 36. b7 Bxb7 37. Rd7 Bc6 38. Rc7 Bb5 39. g4 Qxg4 40. f3 Qg5 41. Qxe5 Qxe5
42. Bxe5 Rg8 43. Bxf4 Kh8 44. e5 g5 45. Bg3 c4 46. Bf1 h5 47. Rc5 Ba6 48. Ra5
Bb7 49. Bxc4 Rf8 50. e6 Bd4+ 51. Kf1 Rxf3+ 52. Ke2 Re3+ 53. Kd2 h4 54. Bf2 Bc3+
55. Kxe3 Bxa5 56. e7 Bc6 57. Bd5 Ba4 58. Ke4 Bb4 59. Bd4+ Kh7 60. Bf7 Bxe7 61.
Kf5 Kh6 62. h3 1/2-1/2

[Event "13th EICC"]
[Site "Plovdiv BUL"]
[Date "2012.03.31"]
[Round "11.137"]
[White "Schachinger, Mario"]
[Black "Gaehwiler, Gabriel"]
[Result "1-0"]
[WhiteTitle "FM"]
[WhiteElo "2391"]
[BlackElo "2260"]
[WhiteFideId "1616773"]
[BlackFideId "1314530"]
[EventDate "2012.03.20"]
[EventType "swiss"]

1. c4 Nf6 2. g3 g6 3. Bg2 Bg7 4. Nc3 O-O 5. e4 d6 6. Nge2 c5 7. d3 Nc6 8. O-O a6
9. h3 Rb8 10. f4 Ne8 11. Be3 Nd4 12. Qd2 b5 13. Nd1 e6 14. Rb1 Bd7 15. Kh2 f5
16. exf5 exf5 17. Ndc3 Nxe2 18. Qxe2 bxc4 19. d4 cxd4 20. Qxc4+ Be6 21. Qxe6+
Kh8 22. Bd2 dxc3 23. Bxc3 Bxc3 24. bxc3 Ng7 25. Qc4 a5 26. Qd4 Qc7 27. Bd5 h6
28. Rfe1 Kh7 29. h4 Nh5 30. Rxb8 Rxb8 31. Re6 Ng7 32. Rf6 Rb2+ 33. Kh3 Qc5 34.
Bf7 Qxd4 35. cxd4 Rd2 36. Bxg6+ Kg8 37. Rxd6 Kf8 38. Rf6+ Kg8 39. Ra6 Kf8 40.
Rxa5 1-0

[Event "13th EICC"]
[Site "Plovdiv BUL"]
[Date "2012.03.31"]
[Round "11.138"]
[White "Abdulov, Orkhan"]
[Black "Vlashki, Nino"]
[Result "1/2-1/2"]
[WhiteTitle "IM"]
[WhiteElo "2387"]
[BlackElo "2258"]
[WhiteFideId "13402714"]
[BlackFideId "2908743"]
[EventDate "2012.03.20"]
[EventType "swiss"]

1. e4 e6 2. d4 d5 3. exd5 exd5 4. c4 Bb4+ 5. Nc3 Ne7 6. Bd3 Nbc6 7. Ne2 Bf5 8.
O-O Bxd3 9. Qxd3 O-O 10. a3 Bxc3 11. bxc3 dxc4 12. Qxc4 Qd5 13. Qd3 Na5 14. Rb1
b6 15. Nf4 Qf5 16. Qxf5 Nxf5 17. Re1 Rae8 18. Kf1 c6 19. Rb2 Rxe1+ 20. Kxe1 f6
21. Re2 Kf7 22. Kd1 Rd8 23. Kc2 Ne7 24. Ne6 Rd7 25. g4 g6 26. f4 h6 27. f5 gxf5
28. gxf5 Nxf5 29. Nf4 Re7 30. Rf2 Ne3+ 31. Kd3 Ng4 32. Rg2 Nb3 33. Rxg4 Nxc1+
34. Kc2 f5 35. Rg2 Re1 36. Rf2 b5 37. Rd2 Rf1 1/2-1/2

[Event "13th EICC"]
[Site "Plovdiv BUL"]
[Date "2012.03.31"]
[Round "11.140"]
[White "Nenezic, Marko"]
[Black "Pavlidou, Ekaterini"]
[Result "1-0"]
[BlackTitle "WIM"]
[WhiteElo "2370"]
[BlackElo "2231"]
[WhiteFideId "912123"]
[BlackFideId "4213262"]
[EventDate "2012.03.20"]
[EventType "swiss"]

1. Nf3 Nf6 2. c4 e6 3. Nc3 Bb4 4. Qc2 O-O 5. a3 Bxc3 6. Qxc3 d6 7. b4 e5 8. Bb2
Re8 9. e3 Bg4 10. d3 Bxf3 11. gxf3 d5 12. Be2 Nc6 13. Rg1 d4 14. Qd2 dxe3 15.
fxe3 a6 16. O-O-O b5 17. f4 g6 18. Bf3 e4 19. Bh1 Re6 20. Qc3 a5 21. dxe4 Qf8
22. c5 axb4 23. axb4 Ra4 24. Rd4 Nxd4 25. Qxd4 Qe7 26. f5 Rea6 27. e5 Ne8 28.
Bd5 Kh8 29. e6+ f6 30. fxg6 h6 31. g7+ Nxg7 32. Rg6 Nxe6 33. Qh4 Qxc5+ 34. bxc5
Rxh4 35. Rxf6 Rxh2 36. Rxe6+ Rxb2 37. Kxb2 Rxe6 38. Bxe6 Kg7 39. Bd7 1-0

[Event "13th EICC"]
[Site "Plovdiv BUL"]
[Date "2012.03.31"]
[Round "11.141"]
[White "Grandadam, Nicolas"]
[Black "Mindlin, Alon"]
[Result "1/2-1/2"]
[WhiteTitle "FM"]
[WhiteElo "2361"]
[BlackElo "2186"]
[WhiteFideId "681806"]
[BlackFideId "2800071"]
[EventDate "2012.03.20"]
[EventType "swiss"]

1. Nf3 Nf6 2. c4 e6 3. d4 b6 4. g3 Bb7 5. Bg2 Be7 6. O-O O-O 7. Nc3 Ne4 8. Bd2
Nxc3 9. Bxc3 d5 10. cxd5 exd5 11. Qa4 Nd7 12. Rfd1 Nf6 13. Rac1 Qe8 14. Qb3 Bd6
15. Bb4 Bxb4 16. Qxb4 a5 17. Qe1 Qe7 18. Rc2 c5 19. dxc5 bxc5 20. Rdc1 Rfc8 21.
e3 a4 22. Qd1 a3 23. b3 Ne4 24. Ne1 Rd8 25. Nd3 d4 26. Qe1 Nd6 27. Nxc5 Bxg2 28.
Kxg2 d3 29. Rd2 Ne4 30. Nxe4 Qxe4+ 31. f3 Qe5 32. Rc4 h5 33. Kf2 Qf5 34. Qd1 Ra6
35. Rd4 Rxd4 36. exd4 Qh3 37. Kg1 h4 38. Qf1 Qe6 39. Rxd3 Qd5 40. Kg2 Rc6 41.
Qe2 Re6 42. Re3 hxg3 43. Rxe6 fxe6 44. hxg3 Qxd4 45. Qxe6+ Kf8 46. Qc8+ Ke7 47.
Qc7+ Ke8 48. Qb8+ Ke7 49. Qb7+ Kf8 50. Qa8+ Kf7 51. Qxa3 Qd2+ 52. Kh3 Qh6+ 53.
Kg4 Qe6+ 54. Kf4 Qf6+ 55. Ke4 Qc6+ 56. Kd4 Qxf3 57. Qa7+ Kg6 58. Qb6+ Kh5 59.
Qb5+ g5 60. Qd3 Qf2+ 61. Ke5 Qxa2 62. Qf3+ Kh6 63. g4 Qa5+ 64. Kf6 Qb6+ 65. Kf7
Qc7+ 66. Ke6 Qc8+ 67. Kd6 Qb8+ 68. Kc5 Qa7+ 69. Kb5 Qb8+ 70. Ka6 Qd6+ 71. Kb7 1/2-1/2

[Event "13th EICC"]
[Site "Plovdiv BUL"]
[Date "2012.03.31"]
[Round "11.142"]
[White "Laurusas, Tomas"]
[Black "Ilic, Slobodan S"]
[Result "1/2-1/2"]
[WhiteElo "2360"]
[BlackElo "2160"]
[WhiteFideId "12803731"]
[BlackFideId "912883"]
[EventDate "2012.03.20"]
[EventType "swiss"]

1. c4 e6 2. Nc3 d5 3. d4 Nf6 4. Bg5 Be7 5. cxd5 exd5 6. e3 c6 7. Bd3 O-O 8. Qc2
Nbd7 9. Nf3 Re8 10. h3 Nf8 11. O-O-O Be6 12. g4 N6d7 13. Bxe7 Qxe7 14. Kb1 Rec8
15. Rc1 Qf6 16. Qe2 b5 17. Rc2 Qd8 18. Rhc1 a6 19. Ka1 Nb6 20. Nb1 Qd6 21. Ne5
Nc4 22. f4 f6 23. Nf3 Bd7 24. b3 Nb6 25. g5 a5 26. gxf6 Qxf6 27. Ne5 Be8 28. Qg4
a4 29. bxa4 bxa4 30. Nd2 a3 31. Nb3 Qd6 32. Nc5 Rcb8 33. Rg2 Qf6 34. Rcg1 Ra7
35. Rb1 Nbd7 36. Rxb8 Nxb8 37. Qc8 Qh4 38. Nf3 Qh5 39. Be2 Nbd7 40. Rg5 Qf7 41.
Nb3 Qe7 42. Qxc6 Qxe3 43. Qc2 Qxf4 44. Rxd5 Bg6 45. Qc1 Qe4 46. Bc4 Kh8 47. Ne5
Rc7 48. Nxg6+ hxg6 49. Nc5 Nxc5 50. dxc5 Rxc5 51. Rxc5 Qd4+ 52. Kb1 Qxc5 53. Qf4
Qb4+ 54. Kc2 Qb2+ 55. Kd3 Qb1+ 56. Kd4 Qb6+ 57. Ke4 Qb1+ 58. Kd4 Qb6+ 59. Ke4
Qb1+ 60. Kd4 Qb6+ 1/2-1/2

[Event "13th EICC"]
[Site "Plovdiv BUL"]
[Date "2012.03.31"]
[Round "11.144"]
[White "Senetia, Teodor"]
[Black "Froewis, Georg"]
[Result "1-0"]
[BlackTitle "IM"]
[WhiteElo "2188"]
[BlackElo "2407"]
[WhiteFideId "1217160"]
[BlackFideId "1618423"]
[EventDate "2012.03.20"]
[EventType "swiss"]

1. e4 e6 2. d4 d5 3. Nc3 Bb4 4. exd5 exd5 5. Bd3 c6 6. a3 Bd6 7. Qf3 Qf6 8. Qxf6
Nxf6 9. Bg5 Nbd7 10. f3 h6 11. Be3 O-O 12. Kf2 Re8 13. Nge2 Nf8 14. Bf4 Be7 15.
Nd1 Ne6 16. Bd2 Bd6 17. g3 a6 18. h4 c5 19. c3 Bd7 20. b4 cxd4 21. cxd4 Bc7 22.
g4 Bb6 23. Be3 g5 24. hxg5 hxg5 25. Bf5 Nf4 26. Bxd7 Nd3+ 27. Kf1 Nxd7 28. Bxg5
Rac8 29. Ne3 f6 30. Bh6 Kf7 31. Nf5 Rc6 32. Nf4 Nxf4 33. Bxf4 Kg8 34. Ra2 Nf8
35. Rah2 Ng6 36. Rh7 1-0

[Event "13th EICC"]
[Site "Plovdiv BUL"]
[Date "2012.03.31"]
[Round "11.145"]
[White "Voiteanu, Gabriel"]
[Black "Pogosian, Vladimir"]
[Result "1-0"]
[WhiteTitle "FM"]
[WhiteElo "2275"]
[BlackElo "2153"]
[WhiteFideId "1208810"]
[BlackFideId "13301586"]
[EventDate "2012.03.20"]
[EventType "swiss"]

1. d4 Nf6 2. c4 e5 3. dxe5 Ng4 4. Bf4 g5 5. Bg3 Bg7 6. Nf3 Nc6 7. Nc3 h5 8. e3
Ngxe5 9. Nxe5 Nxe5 10. h4 g4 11. Qd2 d6 12. Be2 Be6 13. b3 Qf6 14. Rc1 O-O 15.
Nd5 Bxd5 16. cxd5 Rfc8 17. O-O Qe7 18. Qb4 Nd7 19. Qxb7 Nc5 20. Rxc5 dxc5 21. d6
Qe8 22. Bb5 Qe6 23. dxc7 Be5 24. Bc4 Qd6 25. Qd5 1-0

[Event "13th EICC"]
[Site "Plovdiv BUL"]
[Date "2012.03.31"]
[Round "11.146"]
[White "Medancic, Rikard"]
[Black "Xylogiannopoulos, Antonios"]
[Result "1-0"]
[WhiteTitle "IM"]
[WhiteElo "2252"]
[BlackElo "2104"]
[WhiteFideId "14500531"]
[BlackFideId "4215133"]
[EventDate "2012.03.20"]
[EventType "swiss"]

1. d4 d5 2. Nf3 Nf6 3. Bg5 Ne4 4. Bf4 c5 5. e3 Qb6 6. Qc1 Nc6 7. c3 f6 8. h3 g5
9. Bh2 cxd4 10. exd4 e5 11. Be2 exd4 12. O-O Be6 13. Nxd4 Nxd4 14. cxd4 Rc8 15.
Bh5+ Kd8 16. Nc3 Qxd4 17. Qe1 Bb4 18. Rd1 Bxc3 19. bxc3 Qa4 20. Rd4 Qc2 21. f3
Nc5 22. c4 Qb2 23. Qe3 Nd7 24. Re1 Rc6 25. cxd5 Rc2 26. Rg4 Ne5 27. dxe6 f5 28.
Bxe5 Rxg2+ 29. Rxg2 1-0

[Event "13th EICC"]
[Site "Plovdiv BUL"]
[Date "2012.03.31"]
[Round "11.150"]
[White "Filev, Georgi"]
[Black "Bozinovic, Boban"]
[Result "1-0"]
[WhiteTitle "FM"]
[BlackTitle "CM"]
[WhiteElo "2372"]
[BlackElo "2105"]
[WhiteFideId "2907500"]
[BlackFideId "929697"]
[EventDate "2012.03.20"]
[EventType "swiss"]

1. e4 c5 2. Nf3 d6 3. d4 cxd4 4. Nxd4 Nf6 5. Nc3 g6 6. Be3 Bg7 7. f3 O-O 8. Qd2
Nc6 9. O-O-O d5 10. exd5 Nxd5 11. Nxc6 bxc6 12. Bd4 Nxc3 13. Qxc3 Bh6+ 14. Be3
Bxe3+ 15. Qxe3 Qb6 16. Qxe7 Be6 17. Qa3 Rad8 18. Bd3 Rd5 19. Rhe1 Ra5 20. Qc3
Rxa2 21. b3 Rb8 22. Rxe6 fxe6 23. Bc4 Kf7 24. Bxe6+ Kxe6 25. Qe1+ Kf6 26. Rd6+
Kg5 27. Qe5+ Kh6 28. Qf4+ Kh5 29. g4+ 1-0

[Event "13th EICC"]
[Site "Plovdiv BUL"]
[Date "2012.03.31"]
[Round "11.151"]
[White "Boehnisch, Manfred"]
[Black "Blaushtain, Boris"]
[Result "1-0"]
[WhiteTitle "FM"]
[WhiteElo "2291"]
[BlackElo "2105"]
[WhiteFideId "4611543"]
[BlackFideId "2804638"]
[EventDate "2012.03.20"]
[EventType "swiss"]

1. e4 b6 2. d4 Bb7 3. Nc3 g6 4. Be3 Bg7 5. Qd2 e5 6. dxe5 Bxe5 7. Nf3 Bg7 8. Bc4
Ne7 9. Bh6 O-O 10. h4 Kh8 11. Bxg7+ Kxg7 12. h5 Ng8 13. hxg6 fxg6 14. O-O-O Qe7
15. Rh3 d6 16. Rdh1 h5 17. Bd5 Nc6 18. g4 Rxf3 19. Rxf3 Ne5 20. Rg3 Bxd5 21.
Nxd5 Qf7 22. gxh5 c6 23. hxg6 Nxg6 24. Qc3+ 1-0